| 000 | 00622nam a2200181Ia 4500 | ||
|---|---|---|---|
| 008 | 100921s9999 xx 000 0 und d | ||
| 082 |
_b32621 _a808.068 थ 99 |
||
| 100 | _aशिंदे विकास. | ||
| 245 | _aवाळूचे घर. | ||
| 260 |
_bसंस्कारभारती साहित्यविभाग,फलटण. _c1999 |
||
| 300 |
_a60 _b--- |
||
| 365 | _b30 | ||
| 520 | _aललित-बालवाङ्रमय. | ||
| 630 | _aवाळूचे घर. | ||
| 650 | _aललित-बालवाङ्रमय. | ||
| 730 | _aवाळूचे घर. | ||
| 942 | _cBOOK | ||
| 999 |
_c781734 _d781731 |
||